Statistics for Largest Tropical Islands

Click here to take the quiz!

General Stats

  • This quiz has been taken 36 times
  • The average score is 12 of 20

Answer Stats

Area Country Answer % Correct
288,900Indonesia / Malaysia / BruneiBorneo
100%
303,400Indonesia / Papua New GuineaNew Guinea
91%
53,600IndonesiaJava
91%
28,500Haiti / Dominican RepublicHispaniola
91%
182,812IndonesiaSumatra
88%
40,900CubaCuba
85%
199,900MadagascarMadagascar
82%
42,500PhilippinesLuzon
79%
69,800IndonesiaSulawesi
76%
11,000Indonesia / East TimorTimor
76%
5,600TaiwanTaiwan
74%
25,200Sri LankaSri Lanka
71%
37,700PhilippinesMindanao
68%
12,800ChinaHainan
65%
6,400FranceNew Caledonia
38%
13,600Papua New GuineaNew Britain
26%
15,500BrazilMarajó
12%
7,000IndonesiaHalmahera
9%
6,700IndonesiaSeram
9%
7,400BrazilBananal
6%

Score Distribution

Percentile by Number Answered

Percent of People with Each Score

Your Score History

You have not taken this quiz